[Event "San Francisco TNM Winter op"]
[Site "San Francisco"]
[Date "2012.02.21"]
[Round "8"]
[White "Wishard, Bruce"]
[Black "Lkhagvatsoght, Noel"]
[Result "1-0"]
[WhiteElo "1370"]
[BlackElo "662"]
[PlyCount "49"]
[EventDate "2012.01.03"]
[EventType "swiss"]
[EventRounds "8"]
[EventCountry "USA"]
[SourceTitle "EXT 2014"]
[Source "ChessBase"]
[SourceDate "2013.11.20"]
[SourceVersion "1"]
[SourceVersionDate "2013.11.20"]
[SourceQuality "1"]

1. e4 c5 2. Nc3 d6 3. Nf3 Nc6 4. Bb5 Bd7 5. Bxc6 Bxc6 6. d4 cxd4 7. Nxd4 Bd7 8. 0-0 Nf6 9. Bg5 e6 10. Re1 Be7 11. e5 dxe5 12. Rxe5 Bd6 13. Re2 h6 14. Bh4 a6 15. Nf5 Bf8 16. Nd6+ Bxd6 17. Qxd6 Rc8 18. Rd1 Rc6 19. Qb4 Rb6 20. Qa3 g5 21. Bg3 Qc8 22. Be5 Qd8 23. Red2 Rg8 24. Bxf6 Qxf6 25. Rxd7 1-0

[Event "San Francisco TNM Winter op"]
[Site "San Francisco"]
[Date "2012.01.24"]
[Round "4"]
[White "Standen, Julian"]
[Black "Lkhagvatsoght, Noel"]
[Result "1/2-1/2"]
[WhiteElo "1613"]
[BlackElo "662"]
[PlyCount "111"]
[EventDate "2012.01.03"]
[EventType "swiss"]
[EventRounds "8"]
[EventCountry "USA"]
[SourceTitle "EXT 2014"]
[Source "ChessBase"]
[SourceDate "2013.11.20"]
[SourceVersion "1"]
[SourceVersionDate "2013.11.20"]
[SourceQuality "1"]

1. d4 d5 2. Nf3 Bf5 3. e3 Nf6 4. c4 e6 5. Nc3 Bb4 6. Qb3 Nc6 7. Be2 Rb8 8. 0-0 dxc4 9. Bxc4 a6 10. a3 Bxc3 11. bxc3 b5 12. Be2 0-0 13. Bd2 h6 14. Rfd1 Qe7 15. c4 bxc4 16. Qxc4 Rb6 17. Rdc1 Qd6 18. Qc5 Qxc5 19. Rxc5 Ne4 20. Rcc1 Rc8 21. Be1 Ne7 22. Ne5 f6 23. Nd7 Rb2 24. Bxa6 Rd8 25. Nc5 Nd5 26. Nxe4 Bxe4 27. Bf1 Rdb8 28. a4 Bb1 29. a5 Ba2 30. Bc3 Nxc3 31. Rxc3 Ra8 32. a6 Bd5 33. Rxc7 Rb6 34. a7 Bb7 35. h3 g6 36. Rc5 Bd5 37. Rb5 Rb7 38. Rxb7 Bxb7 39. g3 Kf8 40. Bg2 Bxg2 41. Kxg2 Ke8 42. e4 Kd8 43. f4 Kc8 44. Kf3 Kb7 45. g4 Rxa7 46. Rxa7+ Kxa7 47. h4 Kb7 48. d5 exd5 49. exd5 Kc7 50. Ke4 Kd6 51. f5 g5 52. h5 Kd7 53. Ke3 Kc7 54. d6+ Kxd6 55. Kd4 Kc6 56. Kc4 1/2-1/2